000
00287nam a22001097a 4500
008
180803b xxu||||| |||| 00| 0 eng d
082
_a
813.52
245
_a
2005 Television Advertising and Nurse Recruitment Video
_c
Johnson,J
260
_c
2005
300
_a
1
_f
Cassette
942
_2
ddc
_c
MX
999
_c
46744
_d
46744